| 000 | 00382pab a2200133 454500 | ||
|---|---|---|---|
| 008 | 180718b xxu||||| |||| 00| 0 eng d | ||
| 100 | _aVidwans S.M. | ||
| 245 | _aStatistical mirage of poverty alleviation | ||
| 362 | _a28(35) 28 Aug 93, p.1828-832 | ||
| 650 | _a Poverty Alleviation -- India | ||
| 650 | _aPoverty -- India | ||
| 773 | _aEconomic and Political Weekly | ||
| 909 | _a25117 | ||
| 999 |
_c25117 _d25117 |
||